Word Ladder: 'Spinning Wheel' Band Quiz Stats

 Plays Quiz Updated Sep 4, 2015

Challenge
Share
Tweet
Embed
Score 0/24 Timer 03:00
0 Plays Today
Clue 5-Letter Word % Correct
Mammal known for producing woolSHEEP
97.3%
White, rye, or pumpernickelBREAD
96.4%
Perspiration; goes with rungs 1 and 24♪SWEAT♪
95.2%
Hard covering for a crab or turtleSHELL
95%
To mate; produce offspringBREED
94.1%
Ledge used to store or display booksSHELF
94.1%
Flat metal pan for bakingSHEET
93.1%
Sugary, like candy (or 'Ballroom Blitz' band)SWEET
93%
To look at for a long timeSTARE
92.7%
Curse (or pledge an oath)SWEAR
92.6%
To remove wool from rung 9SHEAR
91.9%
Future tense verb, more formal than 'will'SHALL
91.9%
Clue 5-Letter Word % Correct
No longer fresh for rung 4STALE
91.9%
Result of crying; goes with rungs 1 and 12♪TEARS♪
90.8%
To delay, or a small compartmentSTALL
89.5%
The Sun and Alpha Centauri, for exampleSTARS
89.1%
High-pitched sound by a small birdCHEEP
88.4%
Major retailer; partnered with RoebuckSEARS
87.9%
'With Arms Wide Open' bandCREED
87.5%
Wide, extended, comprehensiveBROAD
86.7%
A bundle of wheat or grainSHEAF
86.5%
Hit song for Radiohead and TLCCREEP
85%
Oxygen deliverer; goes with rungs 12 and 24♪BLOOD♪
83.3%
Offspring, progenyBROOD
82.6%

Today's Daily Dose

You're not logged in!

Compare scores with friends on all Sporcle quizzes.
Join for Free
OR
Log In

You Might Also Like...

Show Comments

Extras

Top Quizzes Today


Score Distribution

Your Account Isn't Verified!

In order to create a playlist on Sporcle, you need to verify the email address you used during registration. Go to your Sporcle Settings to finish the process.

Report this User

Report this user for behavior that violates our Community Guidelines.

Details: